Bilecik Bilecik Bilecik Bilecik Bilecik

Çeşitli soyo-kültürel gruplarda eşya sistemleri ve insan eşya ilişkileri/ (Record no. 35083)

MARC details
000 -BAŞLIK
Sabit Uzunluktaki Kontrol Alanı 01068nam a22003017a 4500
001 - KONTROL NUMARASI
Control Dosyası 0035177
003 - KONTROL NUMARASI KİMLİĞİ
Kontrol Alanı KOHA_MİRAKIL
005 - EN SON İŞLEM TARİHİ ve ZAMANI
Kontrol Alanı 20260207002936.0
007 - FİZİKSEL TANIM SABİT ALAN - GENEL BİLGİ
Sabit uzunluklu kontrol alanı ta
008 - SABİT UZUNLUKTAKİ VERİ ÖGELERİ - GENEL BİLGİ
Sabit Alan 120206b1983 tu |||gr||||#||||0|tur |
040 ## - KATALOGLAMA KAYNAĞI
Özgün Kataloglama Kurumu TR-BiSEU
Kataloglama Dili tur
Çeviri Kurumu TR-BiSEU
Açıklama Kuralları rda
041 0# - DİL KODU
Metin ya da ses kaydının dil kodu tur
044 ## - YAYINLAYAN/ÜRETEN KURULUŞUN ÜLKE KODU
ISO country code tu
050 ## - SINIFLAMA ve YER NUMARASI
Sınıflama Numarası TA167
Yer Numarası .B49 1983
100 1# - KİŞİ ADI
Yazar Adı (Kişi adı) Bilgin, Nuri.
245 1# - ESER ADI BİLDİRİMİ
Başlık Çeşitli soyo-kültürel gruplarda eşya sistemleri ve insan eşya ilişkileri/
Sorumluluk Bildirimi Nuri Bilgin ; Nuri Bilgin.
264 #1 - ÜRERİM, YAYIN, DAĞITIM ve TELİF BİLDİRİMİ
Yayın yeri İzmir :
Yayınlayan Ege üniversitesi
Yayın tarihi 1983
300 ## - FİZİKSEL TANIMLAMA
Sayfa, Cilt vb. XV, 166 sayfa; 24 cm.
336 ## - İÇERİK TÜRÜ
Content type term metin
Content type code txt
Source rdacontent
337 ## - MEDYA TÜRÜ
Media type term aracısız
Media type code n
Source rdamedia
338 ## - TAŞIYICI TÜRÜ
Carrier type term cilt
Carrier type code nc
Source rdacarrier
490 0# - DİZİ BİLDİRİMİ
Dizi Bildirimi Ege Üniversitesi Edebiyat Fakültesi Yaynları No: 28.
505 ## - İÇİNDEKİLER NOTU
İçindekiler Notu Eşya sistemleri. Eşyada anlam yapıları. İnsan eşya ilişkileri. Soyal değişme ve eşyalar.
650 #0 - KONU BAŞLIĞI EK GİRİŞ - KONU TERİMİ
Konusal terim veya coğrafi ad İnsan-makine sistemleri.
9 (RLIN) 67356
650 #0 - KONU BAŞLIĞI EK GİRİŞ - KONU TERİMİ
Konusal terim veya coğrafi ad İnsan eşya ilişkisi.
9 (RLIN) 67357
830 0# - SERİ EK GİRİŞİ - TEKBİÇİM ESER ADI
Tekbiçim Başlık Ege Üniversitesi Edebiyat Fakültesi Yaynları No: 28.
9 (RLIN) 67358
942 ## - EK GİRİŞ ÖGELERİ (KOHA)
Source of classification or shelving scheme Library of Congress Classification
Koha item type Book
Holdings
Materyal Türü Kalıcı Konum Mevcut Konum Raf Yeri Sınıflandırma Kaynağı Edinim Bilgisi Ana Konular Alt Konular Yer Numarası Demirbaş Numarası Fatura Tarihi Geri Çekilme Durumu Kayıp Durumu Hasarlı Durumu Kredi için değil Kayıt Tarih Toplam Ödünçverme Son Görülme Tarihi Son Kontrol Tarihi Genel / Bağış Notu
Book Prof. Dr. Azmi Özcan Kütüphanesi Prof. Dr. Azmi Özcan Kütüphanesi Birûni Salonu Library of Congress Classification Bağış TEKNOLOJİ Mühendislik (Genel), İnşaat Mühendisliği (Genel) TA167 .B49 1983 0035177 02/02/2026         06/02/2012 1 05/12/2024 05/12/2024 YÖK Tez Merkezi